000 00659nam a2200193 a 4500
001 000034481
005 20200930073726.0
008 111005s2007 mx ac 000 0 spa d
020 _a9789689221036
040 _aDO-SdBNP
_bspa
_cBNPHU
082 _axxx
_bE775b
100 1 _aEspinosa Yglesias, Manuel
_959921
245 1 0 _aBancomer :
_blogro y destrucción de un ideal /
_cManuel Espinosa Yglesias.
250 _a2a ed.
260 _aMéxico :
_bCentro de Estudios Espinosa Yglesias,
_c2007.
300 _a204 p. :
_bil., retr. ;
_c24 cm.
500 _aIncluye datos biográficos del autor en la solapa de la cubierta
500 _aIncluye índice onomástico
999 _c33972
_d33972